000 00789njm a22002417a 4500
005 20100830110438.0
006 a|||||r|||||00| 0
007 sd bmmalaaahaa
008 100830t xxu||||| |||| 00| 0 eng d
028 _aN-14403
_bHis Master Voice
035 _aGR-13
035 _aOMC 4803
040 _aSED
_cSED
245 _aMeera /
_cSung by M S Subbulakshmi
_h[sound recording] :
260 _aDum dum India
_bHis Master voice
300 _a1 sound disc [Gramophone Record] :
_banalog, 33 1/3 rpm
_c9.5 in
500 _aBrief record
505 _aKunjana bana ( M S subbulakshmi) Ghana syam aya ri ( M S Subbulakshmi & Nagiah)
650 _aClassical music
_xExcerpts
_zIndia
_917413
700 _aSubbulakshmi, M S
_917414
700 _aNagiah
_917415
942 _2ddc
_cGR
999 _c43187
_d43187